000 00302nam a2200133Ia 4500
008 191201s2011 xx 000 0 und d
100 _aGUPTA,Shashi,K
245 0 _aFinancial Services
250 _a3rd
260 _c2011
_bkalayani pub
_aN. delhi
300 _amisc
650 _aMBA
942 _2ddc
_cBB
999 _c7438
_d7438